Вып. 7; Вопросы термодинамики гетерогенных систем и теории поверхностных явлений

Dades bibliogràfiques
Parent link:Вопросы термодинамики гетерогенных систем и теории поверхностных явлений: сборник статей/ Ленинградский государственный университет (ЛГУ). Вып. 7.— , 1971-1992
Altres autors: Сторонкин А. В. (редактор), Жаров В. Т.
Idioma:rus
Publicat: 1985
Matèries:
Format: MixedMaterials Llibre
KOHA link:https://koha.lib.tpu.ru/cgi-bin/koha/opac-detail.pl?biblionumber=274894

MARC

LEADER 00000nam2a2200000 4500
001 274894
005 20231101234755.0
020 |a RU  |b 88-45115ж 
035 |a (RuTPU)RU\TPU\book\298123 
035 |a RU\TPU\book\287381 
090 |a 274894 
100 |a 20140618d1985 k y0rusy5003 ca 
101 0 |a rus 
102 |a RU 
105 |a y z 001zy 
200 0 |a Вып. 7  |f под ред. А. В. Сторонкина , В. Т. Жарова 
210 |d 1985 
215 |a 235 с. 
461 1 |0 (RuTPU)RU\TPU\book\279901  |t Вопросы термодинамики гетерогенных систем и теории поверхностных явлений  |o сборник статей  |f Ленинградский государственный университет (ЛГУ)  |v Вып. 7  |d 1971-1992 
606 1 |a Термодинамика химическая  |2 stltpush  |3 (RuTPU)RU\TPU\subj\70428  |9 84689 
610 1 |a физико-химические системы 
610 1 |a поверхностные явления 
610 1 |a трехфазные системы 
610 1 |a гетерогенные системы 
610 1 |a фазовое равновесие 
675 |a 544.3  |z rus  |v 4 
702 1 |a Сторонкин  |b А. В.  |4 340 
702 1 |a Жаров  |b В. Т.  |4 340 
801 1 |a RU  |b 63413507  |c 20141110 
801 2 |a RU  |b 63413507  |c 20170124  |g RCR 
942 |c BK